| 000 | 00489nam a2200133Ia 4500 | ||
|---|---|---|---|
| 008 | 150609s9999 xx 000 0 und d | ||
| 050 |
_aHD 28 _b.M685 2015 |
||
| 100 | _aMitra, Lorenzo M. | ||
| 245 |
_aInventory system for neutral grounds Alabang / _cLorenzo M. Mitra. |
||
| 260 |
_aLas PiƱas, Philippines : _bSISC, _c2015. |
||
| 300 |
_a118 pages : _bcolor illustrations ; _c28 cm. |
||
| 500 | _aIncludes bibliographical references and appendices. | ||
| 650 | _aInventory management systems | ||
| 999 |
_c285064 _d285064 |
||